000 01026nam a22003377a 4500
001 BR0703015
003 BR-BrBNA
005 20230928102446.0
007 ta
008 230509b bl.||||| |||| 00| 0 por d
040 _aBR-BrBNA
_bpor
_cBiblioteca Nacional de Agricultura
041 _a(Por)
072 _aE14; E10; E16
_b2120
090 _ 2120 BR0703015
110 1 _aRufino, J.L.dos S.
_0EMBRAPA Café, Brasília, DF (Brazil)
245 1 _aPrograma Nacional de Pesquisa e Desenvolvimento do Café: antecedentes, criação e evolução
260 3 _aBrasília, DF (Brasil):
_c2006.
300 _a348 p.
500 _a33 illus.; 39 tables
650 _aCAFÉ
650 _aAGRONEGÓCIO
650 _aDESENVOLVIMENTO ECONÔMICO
650 _aECONOMIA AGRÍCOLA
650 _aHISTÓRIA
650 _aPOLÍTICA AGRÍCOLA
650 _aPOLÍTICA DE DESENVOLVIMENTO
650 _aPROJETO DE DESENVOLVIMENTO
650 _aESTATÍSTICA DE PRODUÇÃO
909 _a202309
_bLucia
_c55
_dLucia Elande
942 _cBK
999 _c70872
_d70872